000 00709nam a22001937a 4500
003 OSt
005 20250813062603.0
008 240620b |||||||| |||| 00| 0 eng d
020 _a9780890425541
040 _aDWCL-Main lib.
_cOC
082 _aCirc. 616.89 D536 2013
110 _aAmerican Psychological Association
245 _aDiagnostic and statistical manual of mental disorders :
_bDSM-5/
_cAmerican Psychological Association
250 _a5th edition
260 _aWashington :
_bAmerican Psychiatric Association,
_cc2013.
300 _axliv, 947 pages :
_billustrations ;
_c26cm.
650 _a1. Diagnostic and statistical manual of mental disorders.
942 _2ddc
_cBK-CIRC
_kCirc.
_n0
_e5th edition
999 _c979
_d979